01012 am a2200301 a 450000500170000000800410001702000150005804100080007311000500008124501050013125000110023626000300024730000110027750001390028865300250042765300100045265300150046265300100047765300160048765300220050365300150052565300300054065300280057065300180059865300250061665300310064165300380067220240527122633.0100906s1989||||xxua f |||| 001 0 spa d a927571021X aspa1 aOPSgOrganización Panamericana de la Salud. aManual de cirugía básica para la atención primaria /cOrganización Panamericana de la Salud. a1a ed. aWashington: bOPS;c1989. a122 p. aOrganización Panamericana de la Salud. (1989). Manual de cirugía básica para la atención primaria. (1a ed.). Washington : OPS. aProceso quirúrgico aDolor aHemorragia aShock aInfección aHeridas cortantes aQuemaduras aPérdida de la función aEnfermedad traumática aAbdomen agudo aRetención urinaria aReanimación metabólica aReanimación cardiorrespiratoria